Größte Städte der Welt nach Buchstabe - K - Statistiken

Allgemein
  • Dieses Quiz wurde 501 mal gespielt
  • Das Durchschnittsergebnis liegt bei 11 aus 20
Antwortstatistiken
Land Bevölkerung Stadt % Korrekt
Ägypten 22,2 Mio. Kairo
99%
Ukraine 3,48 Mio. Kiew
94%
Afghanistan 4,80 Mio. Kabul
91%
Südafrika 4,45 Mio. Kapstadt
90%
Malaysia 9,10 Mio. Kuala Lumpur
90%
Demokratische Republik Kongo 15,0 Mio. Kinshasa
85%
Nepal 3,08 Mio. Kathmandu
81%
Indien 17,4 Mio. Kalkutta
70%
Sudan 6,85 Mio. Khartum
66%
Uganda 3,98 Mio. Kampala
63%
Pakistan 19,1 Mio. Karatschi
55%
Kuwait 4,20 Mio. Kuwait-Stadt
36%
USA 2,10 Mio. Kansas City
34%
Polen 2,25 Mio. Kattowitz
34%
Nigeria 5,20 Mio. Kano
29%
Ghana 2,85 Mio. Kumasi
17%
China 6,25 Mio. Kunming
15%
Indien 3,60 Mio. Kanpur
13%
Taiwan 2,78 Mio. Kaohsiung
9%
Nigeria 2,05 Mio. Kaduna
5%
Keine übereinstimmenden Quizze gefunden
Verteilung der Resultate
Anzahl Personen mit jedem Resultat
Perzentil nach korrekt beantworteten Fragen
Ihre Resultats-Entwicklung
Sie haben dieses Quiz noch nicht gespielt